| 000 | 00532nam a2200181 i 4500 | ||
|---|---|---|---|
| 001 | 50150 | ||
| 003 | ES-MaACL | ||
| 005 | 20230906162131.0 | ||
| 007 | t| | ||
| 008 | 030731s1977 sp ||||1| spa d | ||
| 245 | 0 | 3 |
_aLa gran crónica de Alfonso XI / _cpreparada por Diego Catalán. |
| 250 | _aEd. crítica. | ||
| 260 |
_a[Madrid : _bGredos, _c1977] |
||
| 300 |
_a2 v. ; _c28 cm. |
||
| 700 | 1 |
_aCatalán, Diego. _937019 |
|
| 740 | 0 | _aEdición crítica de la gran crónica de Alfonso XI. | |
| 852 |
_aES-MaACL _jA-7073-4 _bR.96016 |
||
| 999 |
_c50150 _d50150 |
||